| 000 | 01101caa a22002417a 4500 | ||
|---|---|---|---|
| 999 |
_c417182 _d417182 |
||
| 001 | 135418 | ||
| 003 | UA-OsUOA | ||
| 005 | 20200213103413.0 | ||
| 007 | ta | ||
| 008 | 20190122b un ||||| |||| 00| 0 ukr d | ||
| 040 |
_aUA-OsUOA _bukr _cUA-OsUOA _dUA-OsUOA |
||
| 041 | _aukr | ||
| 080 | _a908 | ||
| 090 |
_a908 _bР49 |
||
| 100 | _aРибачок І. | ||
| 245 |
_aРоль князів Острозьких у розвитку освіти (за матеріалами журналу "Волинські єпархіальні відомості") _cІ. Рибачок |
||
| 300 | _aС. 279–290 | ||
| 650 | 7 |
_a908 Краєзнавство _2UDC |
|
| 773 | 0 |
_0364663 _9388183 _dЗамость 2010 _o134504 _tЗамойська академія та Острозька академія в історично-культурній перспективі. Сучасні імплікації для транскордонної співпраці _w(UA-OsUOA) 78349 _z978-83-61893-24-0 |
|
| 942 |
_cBKA _2udc |
||
| 955 | _a1 | ||